Thăng Long - Hà Nội một nghìn sự kiện lịch sử

Phác hoạ tiến trình lịch sử thủ đô dưới hình thức biên niên. Một nghìn sự kiện trong gần một nghìn năm kể từ ngày Lý Công Uẩn định đô đến nay. Trình bày các sự kiện gồm: tên gọi, niên đại và nội dung...

Đã lưu trong:
Chi tiết về thư mục
Tác giả chính: Vũ Văn Quân (ch.b.)
Tác giả khác: Phạm Đức Anh, Tống Văn Lợi, Nguyễn Ngọc Phúc, Đoàn Minh Huấn
Định dạng: Sách
Ngôn ngữ:Vietnamese
Được phát hành: H. Nxb. Hà Nội 2007
Những chủ đề:
Các nhãn: Thêm thẻ
Không có thẻ, Là người đầu tiên thẻ bản ghi này!
Thư viện lưu trữ: Mạng thư viện Đại học Đà Nẵng
LEADER 01673aam a22004218a 4500
001 000009927
003 6125
005 20111104081110.0
008 111104s2007 viesd
020 |c 90000đ  |d 1000b 
041 |a vie 
082 1 4 |2 14  |a 959.7  |b VU-Q 
084 |a P3(1)0/7  |b TH116L 
100 0 |a Vũ Văn Quân 
245 |a Thăng Long - Hà Nội một nghìn sự kiện lịch sử  |c Vũ Văn Quân (ch.b.), Đoàn Minh Huấn, Nguyễn Ngọc Phúc.. 
260 |a H.  |b Nxb. Hà Nội  |c 2007 
300 |a 580tr.  |c 21cm 
504 |a Thư mục: tr. 576-578 
520 |a Phác hoạ tiến trình lịch sử thủ đô dưới hình thức biên niên. Một nghìn sự kiện trong gần một nghìn năm kể từ ngày Lý Công Uẩn định đô đến nay. Trình bày các sự kiện gồm: tên gọi, niên đại và nội dung... 
650 7 |2 Bộ TK TVQG  |a Lịch sử 
651 7 |2 Bộ TK TVQG  |a Việt Nam 
651 7 |2 Bộ TK TVQG  |a Hà Nội 
700 1 |a Vũ Văn Quân  |e ch.b. 
700 1 |a Phạm Đức Anh 
700 1 |a Tống Văn Lợi 
700 1 |a Nguyễn Ngọc Phúc 
700 1 |a Đoàn Minh Huấn 
910 |a Nguyễn Thị Kim Oanh  |d 4/11/2011 
OWN |a LSP 
AVA |a UDN50  |b LSP  |d 959.7 VU-Q  |e available  |t Error 5001 Not defined in file expand_doc_bib_avail.  |f 10  |g 0  |h N  |i 0  |k 1 
999 |a From the UDN01 
AVA |a UDN50  |b LSP  |d 959.7 VU-Q  |e available  |t Error 5001 Not defined in file expand_doc_bib_avail.  |f 10  |g 0  |h N  |i 0  |k 1 
TYP |a Monograph 
TYP |a Printed language 
980 |a Mạng thư viện Đại học Đà Nẵng